|
|
|
|
| LEADER |
00000nab a2200000 a 4500 |
| 001 |
vtls000280122 |
| 003 |
SK-MaSNL |
| 005 |
20260302220512.0 |
| 008 |
111130c1987 xo 0 slo |
| 015 |
|
|
|a SNBRB19rr/mm-uuuuu
|
| 035 |
|
|
|a CL0290240
|
| 040 |
|
|
|a SNKBUCL
|b slo
|c SNKBUCL
|e AACR2
|
| 041 |
0 |
|
|a slo
|
| 044 |
|
|
|a xo
|c SK
|
| 080 |
|
|
|a 327.37
|2 1981
|
| 100 |
1 |
|
|a Rusko, Milan
|4 aut
|9 5121
|
| 245 |
1 |
0 |
|a Zodpovednosť za mier je nedeliteľná
|b Záver kongresu lekárov za odvrátenie jadrovej vojny
|c Milan Rusko
|
| 650 |
0 |
7 |
|a mier
|2 snkbucl
|9 1720
|
| 650 |
0 |
7 |
|a boj za mier
|2 snkbucl
|9 308624
|
| 650 |
0 |
7 |
|a odzbrojenie
|2 snkbucl
|9 1721
|
| 650 |
0 |
7 |
|a Medzinárodné hnutie lekárov za odvrátenie jadrovej vojny
|2 snkbucl
|9 941238
|
| 655 |
|
7 |
|a články z novín a časopisov
|2 snkbucl
|9 267496
|
| 773 |
0 |
|
|t Pravda
|g Roč. 68, č. 126 (2. 6. 1987), s. 1 a 7
|
| 850 |
|
|
|a Slovenská národná knižnica v Martine
|a MTA001
|
| 852 |
|
|
|a SNK
|b KIS3GCP
|
| 958 |
|
|
|a RK
|
| 958 |
|
|
|a SU
|
| 992 |
|
|
|a RBX
|
| 999 |
|
|
|c 1507321
|d 1509251
|